BRIGHT DAY (Record no. 10178)
[ view plain ]
| 000 -LEADER | |
|---|---|
| fixed length control field | 00204 a2200097 4500 |
| 020 ## - INTERNATIONAL STANDARD BOOK NUMBER | |
| International Standard Book Number | 0749319038 |
| 005 - DATE AND TIME OF LATEST TRANSACTION | |
| control field | 20191017173358.0 |
| 084 ## - OTHER CLASSIFICATION NUMBER | |
| Classification number | P23P934BR |
| 100 ## - MAIN ENTRY--PERSONAL NAME | |
| Personal name | J.B Priestley |
| 245 ## - TITLE STATEMENT | |
| Title | BRIGHT DAY |
| Medium | Text |
| 260 ## - PUBLICATION, DISTRIBUTION, ETC. | |
| Name of publisher, distributor, etc. | Mandarin |
| Date of publication, distribution, etc. | 1946 |
No items available.